Guess the Movie - Minimalistic Pictures #13 - Statistics

General Stats
  • This quiz has been taken 64 times
  • The average score is 12 of 20
Answer Stats
Picture Hint Answer % Correct
1942 Bambi
93%
2012 Ted
93%
1979 Alien
86%
1968 Planet of the Apes
86%
2008 WALL-E
86%
2008 Tinker Bell
80%
1978 Halloween
77%
1998 Saving Private Ryan
77%
2018 Aquaman
75%
1990 Teenage Mutant Ninja Turtles
70%
2014 Mr. Peabody & Sherman
63%
2003 Hulk
59%
2010 Kick-Ass
57%
2010 Inception
52%
1995 Braveheart
45%
1978 The Deer Hunter
36%
1999 The Green Mile
34%
2012 ParaNorman
23%
2018 Green Book
14%
1999 Girl, Interrupted
5%
No matching quizzes found
Score Distribution
Percent of People with Each Score
Percentile by Number Answered
Your Score History
You have not taken this quiz